Анализ затрат на производство систем опытного образца геохода; Инновационные технологии в машиностроении

Xehetasun bibliografikoak
Parent link:Инновационные технологии в машиностроении.— 2016.— [С. 228-231]
Egile nagusia: Матрунчик М. С.
Erakunde egilea: Национальный исследовательский Томский политехнический университет (ТПУ) Юргинский технологический институт (ЮТИ)
Gaia:Заглавие с титульного экрана
Hizkuntza:errusiera
Argitaratua: 2016
Saila:Инновационные технологии получения и обработки материалов в машиностроении
Gaiak:
Sarrera elektronikoa:http://earchive.tpu.ru/handle/11683/26038
Formatua: MixedMaterials Baliabide elektronikoa Liburu kapitulua
KOHA link:https://koha.lib.tpu.ru/cgi-bin/koha/opac-detail.pl?biblionumber=618440

MARC

LEADER 00000naa2a2200000 4500
001 618440
005 20231101133018.0
035 |a (RuTPU)RU\TPU\conf\16822 
035 |a RU\TPU\conf\16821 
090 |a 618440 
100 |a 20160602d2016 k y0rusy50 ca 
101 0 |a rus 
102 |a RU 
105 |a y z 101zy 
135 |a drgn ---uucaa 
181 0 |a i  
182 0 |a b 
200 1 |a Анализ затрат на производство систем опытного образца геохода  |f М. С. Матрунчик 
203 |a Текст  |c электронный 
225 1 |a Инновационные технологии получения и обработки материалов в машиностроении 
230 |a 1 компьютерный файл (pdf; 344 Кб) 
300 |a Заглавие с титульного экрана 
320 |a [Библиогр.: с. 231 (11 назв.)] 
463 0 |0 (RuTPU)RU\TPU\conf\16518  |t Инновационные технологии в машиностроении  |o сборник трудов VII Международной научно-практической конференции, 19-21 мая 2016 г., Юрга  |f Национальный исследовательский Томский политехнический университет (ТПУ), Юргинский технологический институт (ЮТИ) ; под ред. Д. А. Чинахова  |v [С. 228-231]  |d 2016 
610 1 |a труды учёных ТПУ 
610 1 |a электронный ресурс 
610 1 |a затраты 
610 1 |a производство 
610 1 |a опытные образцы 
610 1 |a геоходы 
610 1 |a конкурентоспособность 
700 1 |a Матрунчик  |b М. С. 
712 0 2 |a Национальный исследовательский Томский политехнический университет (ТПУ)  |b Юргинский технологический институт (ЮТИ)  |c (2009- )  |h 349  |2 stltpush  |3 (RuTPU)RU\TPU\col\15903 
801 2 |a RU  |b 63413507  |c 20160630  |g RCR 
856 4 |u http://earchive.tpu.ru/handle/11683/26038 
942 |c BK